Las Elites intelectuales y la generación del 20 en Guatemala: su visión del indio y su imaginario de Nación /
Kaydedildi:
| Yazar: | |
|---|---|
| Materyal Türü: | Metin |
| Dil: | Spanish |
| Konular: | |
| Online Erişim: | http://ihncahis.uca.edu.ni/revistas/index.php/historia/article/view/93 |
| Etiketler: |
Etiketle
Etiket eklenmemiş, İlk siz ekleyin!
|
MARC
| LEADER | 00000 a a2200000 04500 | ||
|---|---|---|---|
| 001 | 15548 | ||
| 003 | cru CIDCACS/IIS | ||
| 005 | 20210423115814.0 | ||
| 008 | 210423b1999 NI ||||| |||| 00| 0 spa d | ||
| 040 | |c cru CIDCACS/IIS | ||
| 090 | |a REV1052 (13) 1999 | ||
| 100 | |a Casaús Arzú, Marta Elena | ||
| 245 | |a Las Elites intelectuales y la generación del 20 en Guatemala: |b su visión del indio y su imaginario de Nación / |c Marta Elena Casaús Arzú | ||
| 300 | |a 83-103 páginas | ||
| 500 | |a Colección Centroamérica | ||
| 650 | |a AMERINDIOS | ||
| 650 | |a NACION | ||
| 650 | |a INTELECTUALES | ||
| 650 | |a ELITE | ||
| 650 | |a POBLACION INDIGENA | ||
| 650 | |a CONFLICTOS RACIALES | ||
| 650 | |a DISCRIMINACION RACIAL | ||
| 650 | |a IDENTIDAD CULTURAL | ||
| 650 | |a MESTIZOS | ||
| 773 | |g número 13; páginas 83-106 |d Nicaragua, IHNCA, 1999 |t Revista de Historia | ||
| 856 | 4 | |u http://ihncahis.uca.edu.ni/revistas/index.php/historia/article/view/93 | |
| 942 | |2 ddc |c PP | ||
| 999 | |c 27317 |d 27317 | ||
